[Event "POL-chT3 Wielkopolskie 1516"]
[Site "Poland"]
[Date "2016.02.07"]
[Round "5.16"]
[White "Kupryjanczyk, Jan"]
[Black "Lisiecki, Robert"]
[Result "0-1"]
[WhiteElo "1728"]
[BlackElo "1842"]
[PlyCount "142"]
[EventDate "2016.01.10"]
[EventType "team-tourn"]
[EventRounds "11"]
[EventCountry "POL"]
[SourceTitle "EXT 2019"]
[Source "ChessBase"]
[SourceDate "2018.10.10"]
[SourceVersion "1"]
[SourceVersionDate "2018.10.10"]
[SourceQuality "1"]

1. d4 Nf6 2. c4 e5 3. dxe5 Ng4 4. Nf3 Nc6 5. e3 Ngxe5 6. Be2 d6 7. Bd2 Be6 8. b3 Be7 9. Bc3 Bf6 10. Nxe5 Nxe5 11. 0-0 0-0 12. Qc2 Ng4 13. Bxg4 Bxg4 14. Bxf6 Qxf6 15. Nc3 Rac8 16. Nd5 Qd8 17. Qe4 Be6 18. Nf4 Re8 19. Nxe6 Rxe6 20. Qxb7 a5 21. Qd5 Re5 22. Qf3 Rb8 23. Rfd1 Qe7 24. Rd5 h6 25. Rad1 a4 26. R5d3 Ra5 27. h3 Qe5 28. Qc6 Ra7 29. Rb1 Qf5 30. Qd5 Qg6 31. Qd4 Rab7 32. e4 Qh5 33. Rg3 Qe5 34. Qxe5 dxe5 35. Rd3 Kf8 36. Kf1 Ke7 37. Ke2 Rb4 38. Kd2 Rxc4 39. Rd1 axb3 40. axb3 Rxe4 41. Kc3 Rb7 42. Rg3 g6 43. Rgd3 Re2 44. Rd7+ Ke6 45. R1d2 Rxd2 46. Rxd2 f5 47. Kc4 c5 48. Kxc5 Rxb3 49. Kc4 Rb8 50. Ra2 Rd8 51. Ra6+ Rd6 52. Ra8 Kf6 53. Kc3 Kg5 54. Ra4 e4 55. Kc2 h5 56. Ra3 h4 57. Re3 Kf4 58. Rb3 g5 59. Ra3 g4 60. g3+ Kg5 61. gxh4+ Kxh4 62. hxg4 Kxg4 63. Rg3+ Kf4 64. Rh3 Kg5 65. Re3 Rd4 66. Kc3 Rd1 67. Kc2 Rf1 68. f3 Rxf3 69. Rxf3 exf3 70. Kd2 Kf4 71. Ke1 Kg3 0-1

[Event "POL-chT3 Wielkopolskie 1516"]
[Site "Poland"]
[Date "2016.02.07"]
[Round "4.16"]
[White "Kupryjanczyk, Jan"]
[Black "Nowak, Rafal"]
[Result "0-1"]
[WhiteElo "1728"]
[BlackElo "1982"]
[PlyCount "106"]
[EventDate "2016.01.10"]
[EventType "team-tourn"]
[EventRounds "11"]
[EventCountry "POL"]
[SourceTitle "EXT 2019"]
[Source "ChessBase"]
[SourceDate "2018.10.10"]
[SourceVersion "1"]
[SourceVersionDate "2018.10.10"]
[SourceQuality "1"]

1. d4 c5 2. Nf3 e6 3. e3 Nf6 4. c3 b6 5. Bd3 Bb7 6. Nbd2 Be7 7. Qc2 0-0 8. e4 cxd4 9. Nxd4 d6 10. N2f3 Nbd7 11. Nb3 d5 12. exd5 Bxd5 13. 0-0 Bxf3 14. gxf3 Qc7 15. f4 Bd6 16. Be4 Nxe4 17. Qxe4 Nf6 18. Qf3 Nd5 19. Nd4 Bxf4 20. Bxf4 Nxf4 21. Rfe1 Ng6 22. Re3 Rad8 23. Rae1 Rd5 24. Kh1 Rfd8 25. Rg1 b5 26. Qg4 Qb7 27. Qe4 Kh8 28. Rh3 Kg8 29. f3 Qd7 30. Qg4 e5 31. Qxd7 R8xd7 32. Nb3 Nf4 33. Rhg3 g6 34. Re1 f6 35. h4 Kf7 36. Rg4 Rd1 37. Rgg1 Rxe1 38. Rxe1 Rd3 39. Rf1 f5 40. Kh2 Kf6 41. Rf2 g5 42. hxg5+ Kxg5 43. a4 bxa4 44. Nc5 Rd1 45. Nxa4 Nd3 46. Re2 Kf4 47. c4 Rc1 48. Nc3 Kxf3 49. c5 e4 50. Rd2 Ne5 51. Rg2 Ng4+ 52. Rxg4 fxg4 53. Ne2 Kxe2 0-1

[Event "POL-chT3 Wielkopolskie 1415"]
[Site "Poland"]
[Date "2015.02.01"]
[Round "7.27"]
[White "Adamowicz, Maciej"]
[Black "Kupryjanczyk, Jan"]
[Result "1-0"]
[WhiteElo "2072"]
[BlackElo "1764"]
[PlyCount "61"]
[EventDate "2014.11.30"]
[EventType "team-tourn"]
[EventRounds "11"]
[EventCountry "POL"]
[SourceTitle "EXT 2019"]
[Source "ChessBase"]
[SourceDate "2018.10.10"]
[SourceVersion "1"]
[SourceVersionDate "2018.10.10"]
[SourceQuality "1"]

1. c4 e6 2. Nf3 d5 3. e3 Nf6 4. b3 g6 5. Bb2 Bg7 6. Be2 Nbd7 7. 0-0 0-0 8. Nc3 c6 9. d4 b6 10. Qc2 Ba6 11. e4 dxe4 12. Nxe4 Nxe4 13. Qxe4 Rc8 14. Rfd1 Qc7 15. Rac1 c5 16. Qh4 cxd4 17. Bxd4 e5 18. Be3 f6 19. Qh3 f5 20. Ng5 Rf6 21. Qxh7+ Kf8 22. Qh3 Kg8 23. Bf3 Bb7 24. Bd5+ Bxd5 25. cxd5 Qb7 26. Qh7+ Kf8 27. Ne6+ Rxe6 28. dxe6 Rxc1 29. Bxc1 Nf6 30. Rd8+ Ke7 31. Qxg7+ 1-0

[Event "POL-chT3 Wielkopolskie 1415"]
[Site "Poland"]
[Date "2015.01.18"]
[Round "5.9"]
[White "Kupryjanczyk, Jan"]
[Black "Hemmerling, Jaroslaw"]
[Result "0-1"]
[WhiteElo "1764"]
[BlackElo "1925"]
[PlyCount "62"]
[EventDate "2014.11.30"]
[EventType "team-tourn"]
[EventRounds "11"]
[EventCountry "POL"]
[SourceTitle "EXT 2019"]
[Source "ChessBase"]
[SourceDate "2018.10.10"]
[SourceVersion "1"]
[SourceVersionDate "2018.10.10"]
[SourceQuality "1"]

1. d4 Nf6 2. c4 e6 3. Nf3 Bb4+ 4. Bd2 Qe7 5. e3 b6 6. a3 Bxd2+ 7. Nbxd2 Bb7 8. Bd3 0-0 9. Qc2 d6 10. 0-0 Nbd7 11. b4 c5 12. Rfe1 g6 13. dxc5 dxc5 14. Qb2 Qd6 15. Be2 Rfd8 16. Rad1 Qc7 17. Nb3 Ne4 18. Nfd2 Ne5 19. Nxe4 Bxe4 20. f4 Nd3 21. Bxd3 Bxd3 22. bxc5 Bxc4 23. Nd2 Qxc5 24. Rc1 b5 25. Ne4 Qf5 26. Nf6+ Kg7 27. Ne8+ Kf8 28. Nd6 Qd5 29. Rcd1 Bd3 30. Rxd3 Qxd3 31. Nb7 Qd2 0-1

[Event "POL-chT3 Wielkopolskie 1415"]
[Site "Poland"]
[Date "2014.12.07"]
[Round "2.27"]
[White "Kupryjanczyk, Jan"]
[Black "Michalak, Augustyn"]
[Result "1/2-1/2"]
[WhiteElo "1764"]
[BlackElo "1521"]
[PlyCount "56"]
[EventDate "2014.11.30"]
[EventType "team-tourn"]
[EventRounds "11"]
[EventCountry "POL"]
[SourceTitle "EXT 2019"]
[Source "ChessBase"]
[SourceDate "2018.10.10"]
[SourceVersion "1"]
[SourceVersionDate "2018.10.10"]
[SourceQuality "1"]

1. d4 e5 2. dxe5 Nc6 3. Nf3 Qe7 4. c3 Nxe5 5. Nxe5 Qxe5 6. Nd2 Bc5 7. Nf3 Qe7 8. Bf4 d6 9. e3 Nf6 10. Bd3 Be6 11. Qc2 h6 12. h3 Bd5 13. 0-0 0-0 14. Nd4 Be4 15. Bxe4 Qxe4 16. Qxe4 Nxe4 17. Nb3 Bb6 18. Rad1 Rfe8 19. Nd2 Nxd2 20. Rxd2 Re6 21. Rfd1 Rae8 22. Kh1 Kh7 23. Rd3 Rf6 24. g4 g6 25. Kg2 a6 26. Rd5 Ba7 27. R1d3 Rfe6 28. Bg3 Re4 1/2-1/2

[Event "POL-chT 3rd League Wielkopolska 12/13"]
[Site "Poznan"]
[Date "2012.12.02"]
[Round "3.2"]
[White "Kupryjanczyk, Jan"]
[Black "Swiatek, Bartosz"]
[Result "0-1"]
[WhiteElo "1819"]
[BlackElo "2034"]
[PlyCount "84"]
[EventDate "2012.11.25"]
[EventType "team-tourn"]
[EventRounds "11"]
[EventCountry "POL"]
[SourceTitle "EXT 2014"]
[Source "ChessBase"]
[SourceDate "2013.11.20"]
[SourceVersion "1"]
[SourceVersionDate "2013.11.20"]
[SourceQuality "1"]
[WhiteTeam "Jarocin JKSW"]
[BlackTeam "Poznan Politechnika II"]
[WhiteTeamCountry "POL"]
[BlackTeamCountry "POL"]

1. d4 Nf6 2. c4 g6 3. Nc3 Bg7 4. e4 d6 5. f3 0-0 6. Be3 Nc6 7. Nge2 a6 8. Qd2 Rb8 9. Nc1 e5 10. Nb3 exd4 11. Nxd4 Nxd4 12. Bxd4 c6 13. Be2 b5 14. cxb5 axb5 15. 0-0 b4 16. Nd1 Re8 17. Re1 Be6 18. Bf1 c5 19. Bf2 Qc7 20. Bg3 Rbd8 21. Qc2 Qa7 22. Bc4 d5 23. exd5 Nxd5 24. Bf2 Bd4 25. Rc1 Bf5 26. Rxe8+ Rxe8 27. Qd2 Rd8 28. Bxd4 cxd4 29. Kf1 Qe7 30. g4 Ne3+ 31. Nxe3 dxe3 32. Qe2 Rd2 33. Qe1 Rf2+ 34. Qxf2 exf2 35. gxf5 Qe3 36. Rc2 Qxf3 37. Rxf2 Qd1+ 38. Kg2 Qg4+ 39. Kh1 Qxc4 40. fxg6 hxg6 41. b3 Qe4+ 42. Kg1 Kg7 0-1

[Event "POL-chT3 Wielkopolska 1112"]
[Site "Poland"]
[Date "2012.??.??"]
[Round "7.34"]
[White "Pawlicki, Dariusz"]
[Black "Kupryjanczyk, Jan"]
[Result "0-1"]
[WhiteElo "1714"]
[BlackElo "1832"]
[PlyCount "45"]
[EventDate "2011.11.27"]
[EventType "team-tourn"]
[EventRounds "11"]
[EventCountry "POL"]
[SourceTitle "EXT 2014"]
[Source "ChessBase"]
[SourceDate "2013.11.20"]
[SourceVersion "1"]
[SourceVersionDate "2013.11.20"]
[SourceQuality "1"]
[WhiteTeam "Poznan Lech"]
[BlackTeam "Jarocin JKSW"]
[WhiteTeamCountry "POL"]
[BlackTeamCountry "POL"]

1. d4 d5 2. c4 c6 3. e3 e6 4. Nf3 Nf6 5. Be2 Be7 6. 0-0 0-0 7. Nc3 Nbd7 8. a3 dxc4 9. Bxc4 a5 10. a4 b6 11. Bd3 Bb7 12. b3 Re8 13. Bb2 Nd5 14. Nxd5 exd5 15. Qc2 Nf6 16. Ne5 c5 17. Bb5 Rf8 18. dxc5 Bxc5 19. Rfd1 Rc8 20. Qf5 Qe7 21. Qg5 h6 22. Qh4 Bd6 23. f4 0-1

[Event "POL-chT3 2010/11"]
[Site "Wielkopolska"]
[Date "2011.01.17"]
[Round "3"]
[White "Bernat, Marcin"]
[Black "Kupryjanczyk, Jan"]
[Result "1-0"]
[WhiteElo "2170"]
[BlackElo "1860"]
[PlyCount "95"]
[EventDate "2010.11.28"]
[EventType "team-tourn"]
[EventRounds "11"]
[EventCountry "POL"]
[SourceTitle "EXT 2019"]
[Source "ChessBase"]
[SourceDate "2018.10.10"]
[SourceVersion "1"]
[SourceVersionDate "2018.10.10"]
[SourceQuality "1"]
[WhiteTeam "Poznan Lech"]
[BlackTeam "Jarocin JKSW"]
[WhiteTeamCountry "POL"]
[BlackTeamCountry "POL"]

1. d4 d5 2. c4 e6 3. Nc3 Nf6 4. Bg5 Be7 5. e3 Nbd7 6. cxd5 exd5 7. Bd3 c6 8. Qc2 h6 9. Bh4 0-0 10. Nf3 Re8 11. 0-0 Nh5 12. Bxe7 Qxe7 13. Rfe1 Nhf6 14. e4 dxe4 15. Nxe4 Qf8 16. Nxf6+ Nxf6 17. Rxe8 Qxe8 18. Re1 Be6 19. Bc4 Nd5 20. Bxd5 cxd5 21. h3 Rc8 22. Qb3 Qd7 23. Ne5 Qc7 24. Re3 Qc1+ 25. Kh2 Qf1 26. Rf3 Rc7 27. Qa3 Qa6 28. Qxa6 bxa6 29. Kg3 Kh7 30. Ra3 Bc8 31. Ra5 Bb7 32. Kf3 Rc2 33. Nd3 f6 34. Ke3 Kg6 35. Nc5 Rxb2 36. Nxb7 Rxb7 37. Rxd5 Rb2 38. Ra5 Rb6 39. g4 Kf7 40. h4 Ke7 41. h5 Kd6 42. Ke4 Ke6 43. f3 Kf7 44. Kd5 Rb5+ 45. Rxb5 axb5 46. Kc6 a6 47. d5 Ke7 48. Kc7 1-0

[Event "POL-chT3 Wielkopolska 1112"]
[Site "Poland"]
[Date "2011.??.??"]
[Round "3.22"]
[White "Kupryjanczyk, Jan"]
[Black "Matlewski, Adam"]
[Result "1/2-1/2"]
[WhiteElo "1832"]
[BlackElo "1523"]
[PlyCount "42"]
[EventDate "2011.11.27"]
[EventType "team-tourn"]
[EventRounds "11"]
[EventCountry "POL"]
[SourceTitle "EXT 2014"]
[Source "ChessBase"]
[SourceDate "2013.11.20"]
[SourceVersion "1"]
[SourceVersionDate "2013.11.20"]
[SourceQuality "1"]
[WhiteTeam "Jarocin JKSW"]
[BlackTeam "Smecz Konin"]
[WhiteTeamCountry "POL"]
[BlackTeamCountry "POL"]

1. d4 d5 2. Nf3 Nf6 3. c4 e6 4. Bg5 Nbd7 5. e3 Bb4+ 6. Nbd2 c5 7. a3 Bxd2+ 8. Qxd2 Qc7 9. Bf4 Qb6 10. Bd3 dxc4 11. Bxc4 cxd4 12. exd4 0-0 13. 0-0 Nd5 14. Be5 Nxe5 15. dxe5 Rd8 16. Rfd1 Bd7 17. Bxd5 Bc6 18. Qd4 Qxd4 19. Rxd4 Rxd5 20. Rxd5 Bxd5 21. Nd4 Rc8 1/2-1/2

[Event "POL-chT3 2010/11"]
[Site "Wielkopolska"]
[Date "2010.11.28"]
[Round "1"]
[White "Kupryjanczyk, Jan"]
[Black "Markowski, Piotr"]
[Result "0-1"]
[WhiteElo "1860"]
[BlackElo "2167"]
[PlyCount "56"]
[EventDate "2010.11.28"]
[EventType "team-tourn"]
[EventRounds "11"]
[EventCountry "POL"]
[SourceTitle "EXT 2019"]
[Source "ChessBase"]
[SourceDate "2018.10.10"]
[SourceVersion "1"]
[SourceVersionDate "2018.10.10"]
[SourceQuality "1"]
[WhiteTeam "Jarocin JKSW"]
[BlackTeam "Rawicz Korona Rawbud"]
[WhiteTeamCountry "POL"]
[BlackTeamCountry "POL"]

1. d4 Nf6 2. c4 e6 3. Nf3 c5 4. e3 cxd4 5. Nxd4 Nc6 6. Nf3 d5 7. Be2 Ne4 8. 0-0 Be7 9. a3 0-0 10. cxd5 exd5 11. Nbd2 Bf6 12. Nb3 Re8 13. Nbd4 Bg4 14. h3 Bxf3 15. Nxf3 d4 16. Rb1 Qb6 17. Qd3 Rad8 18. exd4 Nxd4 19. Nxd4 Bxd4 20. Qf3 Bxf2+ 21. Rxf2 Nxf2 22. Kh2 Nd3 23. Bg5 Qd6+ 24. Kh1 Qg6 25. Rf1 f6 26. Bh4 Qe4 27. Bxd3 Rxd3 28. Qf2 Rxh3+ 0-1

[Event "POL-chT4B 0910"]
[Site "Wielkoposka"]
[Date "2010.05.16"]
[Round "7"]
[White "Kupryjanczyk, Jan"]
[Black "Dixa, Stanislaw"]
[Result "1/2-1/2"]
[WhiteElo "1862"]
[BlackElo "1654"]
[PlyCount "48"]
[EventDate "2010.01.10"]
[EventType "team-tourn"]
[EventRounds "9"]
[EventCountry "POL"]
[SourceTitle "EXT 2019"]
[Source "ChessBase"]
[SourceDate "2018.10.10"]
[SourceVersion "1"]
[SourceVersionDate "2018.10.10"]
[SourceQuality "1"]
[WhiteTeam "Jarocin JKSW"]
[BlackTeam "Kalisz KTS"]
[WhiteTeamCountry "POL"]
[BlackTeamCountry "POL"]

1. d4 d5 2. c4 c6 3. Nf3 Nf6 4. Nc3 e6 5. cxd5 cxd5 6. Bg5 Be7 7. e3 0-0 8. Bd3 b6 9. 0-0 Bb7 10. Rc1 Nbd7 11. Qe2 Ne4 12. Bxe7 Qxe7 13. Ba6 Nd6 14. Bxb7 Nxb7 15. Rc2 Nd6 16. b3 a6 17. Rfc1 b5 18. Nd1 Rfc8 19. Rxc8+ Rxc8 20. Rxc8+ Nxc8 21. Qc2 Qd8 22. Nb2 Nd6 23. Nd3 Qc8 24. Qxc8+ Nxc8 1/2-1/2

[Event "POL-chT4B 0910"]
[Site "Wielkoposka"]
[Date "2010.02.07"]
[Round "4"]
[White "Grzegorowski, Artur"]
[Black "Kupryjanczyk, Jan"]
[Result "1/2-1/2"]
[WhiteElo "1987"]
[BlackElo "1862"]
[PlyCount "38"]
[EventDate "2010.01.10"]
[EventType "team-tourn"]
[EventRounds "9"]
[EventCountry "POL"]
[SourceTitle "EXT 2019"]
[Source "ChessBase"]
[SourceDate "2018.10.10"]
[SourceVersion "1"]
[SourceVersionDate "2018.10.10"]
[SourceQuality "1"]
[WhiteTeam "Ostrow Wielkopolski II"]
[BlackTeam "Jarocin JKSW"]
[WhiteTeamCountry "POL"]
[BlackTeamCountry "POL"]

1. Nf3 d5 2. e3 Nf6 3. b3 g6 4. Bb2 Bg7 5. c4 e6 6. Be2 0-0 7. 0-0 Nbd7 8. Qc2 c6 9. d3 Re8 10. Ne5 Nxe5 11. Bxe5 Nd7 12. Bxg7 Kxg7 13. Nc3 Nf6 14. Bf3 Bd7 15. Rad1 Rc8 16. Qb2 Kg8 17. b4 b5 18. Be2 Qe7 19. a3 a6 1/2-1/2

[Event "POL-chT4B 0910"]
[Site "Wielkoposka"]
[Date "2010.02.07"]
[Round "3"]
[White "Kupryjanczyk, Jan"]
[Black "Wiesiolek, Krzysztof"]
[Result "1/2-1/2"]
[WhiteElo "1862"]
[BlackElo "2017"]
[PlyCount "64"]
[EventDate "2010.01.10"]
[EventType "team-tourn"]
[EventRounds "9"]
[EventCountry "POL"]
[SourceTitle "EXT 2019"]
[Source "ChessBase"]
[SourceDate "2018.10.10"]
[SourceVersion "1"]
[SourceVersionDate "2018.10.10"]
[SourceQuality "1"]
[WhiteTeam "Jarocin JKSW"]
[BlackTeam "Turek Tecza"]
[WhiteTeamCountry "POL"]
[BlackTeamCountry "POL"]

1. d4 Nf6 2. c4 g6 3. Nc3 Bg7 4. e4 0-0 5. Be3 d6 6. Be2 Nc6 7. h3 e5 8. Nf3 Re8 9. dxe5 Nxe5 10. Nxe5 Rxe5 11. Qc2 Nd7 12. 0-0 Qh4 13. f4 Re8 14. Bf3 Nb6 15. Nb5 Qd8 16. Rae1 Be6 17. b3 c6 18. Nd4 Qc7 19. Qf2 Rad8 20. f5 Bc8 21. Bg4 Rxe4 22. fxg6 hxg6 23. Bxc8 Nxc8 24. Nf3 Ree8 25. Ng5 Re5 26. Qh4 Rxg5 27. Qxg5 a6 28. Kh1 Ne7 29. Bf4 Nf5 30. Bh2 Bh6 31. Qf6 Bg7 32. Qg5 Bh6 1/2-1/2